| 000 | 00473nam a2200145 i 4500 | ||
|---|---|---|---|
| 001 | 91301 | ||
| 003 | ES-MaACL | ||
| 007 | t| | ||
| 008 | 050128s1907 fr ||||1| fre d | ||
| 100 | 1 |
_aLevasseur, Emile. _971915 |
|
| 245 | 1 | 0 |
_aQuestions ouvrières et industrielles en France sous la troisième république / _cpar Emile Levasseur. |
| 260 |
_aParís : _b[s.n., _c1907] ( _eSaint-Dieier : _fJ. Thevenot) |
||
| 300 |
_aLXXII, 958 p. ; _c25 cm. |
||
| 852 |
_aES-MaACL _jG-14770 |
||
| 999 |
_c91301 _d91301 |
||